Statistics for 2010's NFL All Decade Team

Click here to take the quiz!

General Stats

  • This quiz has been taken 132 times
    (119 since last reset)
  • The average score is 25 of 27

Answer Stats

PositionTeamPlayer% Correct
QBGBAaron Rodgers
100%
RBMINAdrian Peterson
100%
QBNODrew Brees
100%
CBARIPatrick Peterson
100%
QBNETom Brady
100%
WRDETCalvin Johnson
99%
WRPITAntonio Brown
98%
OLBARIChandler Jones
98%
WRATLJulio Jones
98%
WRARILarry Fitzgerald
98%
CBSEARichard Sherman
98%
TENERob Gronkowski
98%
DEHOUJ.J. Watt
97%
TELACAntonio Gates
96%
OLBDENVon Miller
96%
DTLARAaron Donald
95%
MLBSEABobby Wagner
95%
RBPHILeSean McCoy
94%
SSEAEarl Thomas
93%
TENOJimmy Graham
91%
MLBCARLuke Kuechly
91%
SPITTroy Polamalu
91%
RBSFFrank Gore
90%
CBNYJDarrelle Revis
89%
DTDETNdamukong Suh
81%
DECARJulius Peppers
80%
CBDENChris Harris
72%

Score Distribution

Percentile by Number Answered

Percent of People with Each Score

Your Score History

You have not taken this quiz since the last reset